000 00354nam a2200133 i 4500
001 bg
100 1 _aKOSTYRKO, Krystyna
245 0 _aPomiary fizykochemiczne w zaleceniach i normach międzynarodowych /
_cKrystyna Kostyrko.
260 _aWarszawa,
_c1982.
040 _cBPK
041 _apol
942 _cKS
008 s pl f |000 0 pol
999 _c21010
_d21010
856 _uhttp://koha.tu.koszalin.pl/cgi-bin/koha/opac-detail.pl?biblionumber=21010
_yKatalog online BPK